书目信息 |
| 题名: |
齐东野语
|
|
| 作者: | 周密 撰 | |
| 分册: | 三 | |
| 出版信息: | 常熟 汲古阁 |
|
| 页数: | 全一册 | |
| 开本: | 25.*16cm | |
| 丛书名: | ||
| 单 册: | ||
| 中图分类: | K245.06 | |
| 科图分类: | ||
| 主题词: | 中国--历史 | |
| 电子资源: | ||
| ISBN: | ||
| 000 | 00541nam0 2200193 450 | |
| 001 | 0638550531 | |
| 005 | 20061025104540.50 | |
| 010 | @b线装@dCNY20.00(全套) | |
| 100 | @a20061025d km y0chiy0120 ea | |
| 101 | 0 | @achi |
| 200 | 1 | @a齐东野语@h三@Aqi dong ye yu@f(南宋)周密撰@F(nan song)zhou mi zhuan |
| 210 | @a常熟@c汲古阁 | |
| 215 | @a全一册@d25.*16cm | |
| 300 | @a第一至第五册为一函,共一函二十卷 | |
| 606 | 0 | @a中国@x历史 |
| 690 | @aK245.06@v3 | |
| 701 | 0 | @a周密@Azhou mi@4撰 |
| 801 | 0 | @aCN@bPFT@c20061025 |
| 905 | @a10447@dK245.06@e51:3 | |
| 齐东野语.三/(南宋)周密撰.-常熟:汲古阁 |
| 全一册;25.*16cm |
| 第一至第五册为一函,共一函二十卷 |
| ISBN (线装):CNY20.00(全套) |
| ● |
| 相关链接 |
|
|
|
|
正题名:齐东野语
索取号:K245.06/51:3
 
预约/预借
| 序号 | 登录号 | 条形码 | 馆藏地/架位号 | 状态 | 备注 |
| 1 | 0266155 | 202425651 | 古籍典藏专区/ [索取号:K245.06/51:3] | 在馆 |